000
00297nam a22001337a 4500
008
170307b xxu||||| |||| 00| 0 eng d
020
_a
9780130821928
041
_a
eng
080
_a
611
100
_a
6
101
_a
SHM
245
_a
ESSENTIAL ANATOMY PHYSIOLOGY
_c
MARTINI.F.H
942
_2
udc
_c
BK
999
_c
6958
_d
6958